| 000 | 00559nam a2200205Ia 4500 | ||
|---|---|---|---|
| 003 | OSt | ||
| 005 | 20230502105235.0 | ||
| 008 | 210423s2013 xx 000 0 und d | ||
| 020 | _a9788120343757 | ||
| 040 | _cAL | ||
| 041 | _aeng | ||
| 082 |
_a658.15 _223 _b BEKG |
||
| 100 |
_aBEKAERT (Geert); HODRICK (Robert J). _995797 |
||
| 245 | _aInternational financial management. | ||
| 260 |
_aNew Delhi _bPHI Learning Pvt Ltd _c2013 |
||
| 300 |
_avvvii,810 _bPB |
||
| 365 |
_b650 _cINR |
||
| 906 | _afinancial ; International ; management. | ||
| 942 |
_2ddc _cBK |
||
| 999 |
_c161419 _d161419 |
||